Les 50 Plus Gros Achats De L'Olympique de Marseille - Statistiques

Statistiques générales
  • Ce quiz a été pris 1 226 fois
    318 depuis la dernière actualisation
  • Le résultat moyen est 35 sur 50
Statistiques - réponses
Joueur Club De Provenance Saison Nationalité Poste Prix Du Transfert Ordre % Correct
DimitriPayet West Ham 16/17 France M/A 29 300 000 € 3
94%
DimitriPayet Losc Lille 13/14 France M/A 8 700 000 € 47
94%
IgorPaixao Feyenoord 25/26 Brésil A 30 000 000 € 2
94%
MasonGreenwood Manchester United 24/25 Angleterre A 26 000 000 € 5
93%
Vitinha Braga 22/23 Portugal A 32 000 000 € 1
93%
NayefAguerd West Hame 25/26 Maroc D 23 000 000 € 7
88%
AmineGouiri Stade Rennais 24/25 Algérie A 19 000 000 € 12
87%
FlorianThauvin Losc Lille 13/14 France A 12 000 000 € 28
85%
FlorianThauvin Newcastle 17/18 France A 12 000 000 € 29
85%
KevinStrootman Rome 18/19 Pays Bas M 25 000 000 € 6
85%
Duje Caleta - Car RB Salzburg 18/19 Croatie D 19 000 000 € 11
83%
ValentinRongier Nantes 19/20 France M 13 000 000 € 21
83%
KonstantinosMitroglou Benfica 17/18 Grèce A 15 000 000 € 17
82%
LeonardoBalerdi Borussia Dortmund 21/22 Argentine D 11 000 000 € 36
82%
ElyeWahi Lens 24/25 France A 27 000 000 € 4
81%
Gerson Flamengo 21/22 Brésil M 20 500 000 € 9
81%
IsmailaSarr Watford 23/24 Sénégal A 13 000 000 € 22
81%
ArkadiuszMilik Naples 20/21 Pologne A 11 930 000 € 31
80%
IlimanNdiaye SheffieldUnited 23/24 Sénégal A 17 000 000 € 13
79%
Pau López Rome 21/22 Espagne G 12 000 000 € 23
78%
DarioBenedetto Boca Juniors 19/20 Argentine A 14 000 000 € 18
77%
RenanLodi Atletico Madrid 23/24 Brésil D 20 600 000 € 8
77%
André - PierreGignac Toulouse 10/11 France A 16 000 000 € 15
76%
Pierre - EmileHojbjerg Tottenham Hotspur 25/26 Danemark M 13 500 000 € 19
76%
JonathanRowe Norwich City 25/26 Angleterre A 16 500 000 € 14
75%
BakariKoné Nice 08/09 CoteD'ivoire A 9 000 000 € 45
74%
IsmaelKone Watford 24/25 Canada M 12 000 000 € 30
74%
LuchoGonzález Porto 09/10 Argentine M 19 000 000 € 10
73%
PolLirola Fiorentina 20/21 Espagne D/M 13 000 000 € 20
71%
LuisSuárez Grenade 22/23 Colombie A 10 000 000 € 40
70%
MattéoGuendouzi Arsenal 21/22 France M 11 000 000 € 34
70%
CengizUnder Rome 21/22 Turquie A 8 900 000 € 46
69%
NemanjaRadonjic Étoile Rouge Belgrade 18/19 Serbie A 12 000 000 € 27
69%
QuentinMerlin Fc Nantes 23/24 France D 10 000 000 € 43
68%
LuizGustavo Wolfsburg 17/18 Brésil M 10 000 000 € 38
66%
JordanVeretout Rome 22/23 France M 11 000 000 € 35
64%
MorganSanson Montpellier 16/17 France M 12 000 000 € 24
63%
ValèreGermain Monaco 17/18 France A 8 000 000 € 48
63%
HatemBen Arfa Lyon 08/09 France M 12 000 000 € 25
57%
DjibrilCissé Liverpool 07/08 France A 9 000 000 € 44
56%
BamoMeite Lorient 24/25 France D 11 500 000 € 33
55%
RuslanMalinovskyi Atalanta 22/23 Ukraine M 10 000 000 € 42
54%
LoicRémy Nice 10/11 France A 15 500 000 € 16
48%
RémyCabella Newcastle 16/17 France M 8 000 000 € 49
40%
DanielVan Buyten Standard De Liège 01/02 Belgique D 11 500 000 € 32
38%
Jordan Amavi Aston Villa 17/18 France D 10 000 000 € 39
37%
StéphaneMbia Stade Rennais 09/10 Cameroun M 12 000 000 € 26
35%
KarimZiani Sochaux 07/08 Algérie M 8 000 000 € 50
23%
PéguyLuyindula Lyon 04/05 France A 10 000 000 € 41
20%
StéphaneDalmat Lens 99/00 France M 10 600 000 € 37
8%
Aucun quiz correspondant
Distribution des résultats
% des personnes avec chaque résultat
Percentile par nombre de réponses
Votre historique - résultats
Vous n’avez pas pris ce quiz depuis la dernière actualisation